Edificación (Registro nro. 8497)

Detalles MARC
000 -LEADER
fixed length control field 01192nas a2200253 454500
001 - CONTROL NUMBER
control field 17572
005 - DATE AND TIME OF LATEST TRANSACTION
control field 20260407193505.0
008 - FIXED-LENGTH DATA ELEMENTS--GENERAL INFORMATION
fixed length control field 260407s1991####ag###########|||spa#d
003 - CONTROL NUMBER IDENTIFIER
control field AR-UNSa-BCEJYS
040 ## - CATALOGING SOURCE
Original cataloging agency AR-UNSa-BCEJYS
Language of cataloging spa
Transcribing agency AR-UNSa-BCEJYS
080 ## - UNIVERSAL DECIMAL CLASSIFICATION NUMBER
Universal Decimal Classification number 311.3
Common auxiliary subdivision Organización general de las estadisticas. Estadística oficial
022 ## - INTERNATIONAL STANDARD SERIAL NUMBER
International Standard Serial Number 0328-0950
100 1# - MAIN ENTRY--PERSONAL NAME
Personal name Instituto Nacional de Estadística y Censos (INDEC)
245 10 - TITLE STATEMENT
Title Edificación
Name of part/section of a work permisos para construcciones privadas
264 #1 - PRODUCTION, PUBLICATION, DISTRIBUTION, MANUFACTURE, AND COPYRIGHT NOTICE
Place of production, publication, distribution, manufacture Buenos Aires :
Name of producer, publisher, distributor, manufacturer INDEC
Date of production, publication, distribution, manufacture, or copyright notice 1991
310 ## - CURRENT PUBLICATION FREQUENCY
Current publication frequency Frecuencia: Anual
505 ## - FORMATTED CONTENTS NOTE
Formatted contents note 1. Municipios considerados en el relevamiento - 2. Características del operativo de relevamiento - 3. Variables consideradas - 4. Estimación de datos faltantes - 5. Elaboración del indice de superficie cubierta autorizada - 6. Conjuntos habitacionales con financiación pública - 7. Análisis general de los resultados obtenidos
590 ## - LOCAL NOTE (RLIN)
Local note niveau_biblio:s niveau_hierar:1
650 ## - SUBJECT ADDED ENTRY--TOPICAL TERM
Topical term or geographic name entry element ESTADISTICA
650 ## - SUBJECT ADDED ENTRY--TOPICAL TERM
Topical term or geographic name entry element Construcción de viviendas
650 ## - SUBJECT ADDED ENTRY--TOPICAL TERM
Topical term or geographic name entry element Población urbana
856 41 - ELECTRONIC LOCATION AND ACCESS
Uniform Resource Identifier <a href="https://biblioeco.unsa.edu.ar/pmb/images/revistas/Edificaci?n.jpg">https://biblioeco.unsa.edu.ar/pmb/images/revistas/Edificaci?n.jpg</a>
Link text Imagen de portada
Electronic format type image/jpeg
942 ## - ADDED ENTRY ELEMENTS (KOHA)
Koha item type
Existencias
Withdrawn status Lost status Damaged status Not for loan Home library Current library Shelving location Date acquired Serial enumeration / chronology Total checkouts Full call number Barcode Date last seen Price effective from Koha item type
        Biblioteca Prof. Eusebio Cleto del Rey Biblioteca Prof. Eusebio Cleto del Rey   01/01/2002 Vol. 12 - ene./dic.2002   H311.3 EDI v.12 R00688 10/04/2026 10/04/2026 Numero
        Biblioteca Prof. Eusebio Cleto del Rey Biblioteca Prof. Eusebio Cleto del Rey   01/01/1999 Vol. 9 - ene./dic.1999   H311.3 EDI v.9 R08449 10/04/2026 10/04/2026 Numero
        Biblioteca Prof. Eusebio Cleto del Rey Biblioteca Prof. Eusebio Cleto del Rey   01/01/1998 Vol. 8 - ene./dic.1998   H311.3 EDI v.8 R08447 10/04/2026 10/04/2026 Numero
        Biblioteca Prof. Eusebio Cleto del Rey Biblioteca Prof. Eusebio Cleto del Rey   01/01/1997 Vol. 7 - ene./dic.1997   H311.3 EDI v.7 R08446 10/04/2026 10/04/2026 Numero
        Biblioteca Prof. Eusebio Cleto del Rey Biblioteca Prof. Eusebio Cleto del Rey   01/01/1996 Vol. 6 - ene./dic.1996   H311.3 EDI v.6 R08445 10/04/2026 10/04/2026 Numero
        Biblioteca Prof. Eusebio Cleto del Rey Biblioteca Prof. Eusebio Cleto del Rey   01/01/1995 Vol. 5 - ene./dic.1995   H311.3 EDI v.5 R08444 10/04/2026 10/04/2026 Numero
        Biblioteca Prof. Eusebio Cleto del Rey Biblioteca Prof. Eusebio Cleto del Rey   01/01/1994 Vol. 4 - ene./dic.1994   H311.3 EDI v.4 R08443 10/04/2026 10/04/2026 Numero
        Biblioteca Prof. Eusebio Cleto del Rey Biblioteca Prof. Eusebio Cleto del Rey   01/01/1992 Vol. 2 - ene./dic.1992   H311.3 EDI v.2 R08438 10/04/2026 10/04/2026 Numero
        Biblioteca Prof. Eusebio Cleto del Rey Biblioteca Prof. Eusebio Cleto del Rey   01/01/1991 Vol. 1 - ene./dic. 1991   H311.3 EDI v.1 R08425 10/04/2026 10/04/2026 Numero